|
|
|
|
| LEADER |
00000naa2a2200000 4500 |
| 001 |
434116 |
| 005 |
20240914063139.0 |
| 035 |
|
|
|a (RuTPU)RU\TPU\prd\95084
|
| 090 |
|
|
|a 434116
|
| 100 |
|
|
|a 20110116a2001 k y0rusy50 ca
|
| 101 |
0 |
|
|a rus
|
| 102 |
|
|
|a RU
|
| 200 |
1 |
|
|a Ультразвуковая технология изготовления конструкционной и функциональной нанокерамики
|f О. Л. Хасанов [и др.]
|
| 320 |
|
|
|a Библиогр.: с. 30 (20 назв.)
|
| 330 |
|
|
|a Разработан метод сухого ультразвукового прессования керамических нанопорошков, позволяющий повысить гомогенность прессовок сложной конфигурации по объемной плотности и сохранить их наноструктуру. Метод обеспечивает возможность получения плотной керамики с размером зерна 10-100 нм, обладающей высокими механическими и функциональными свойствами. Предложено однопараметрическое уравнение прессования керамических нанопорошков с учетом их упругих свойств. Предложена экономичная технология производства изделий из нанокерамики с использование м ультразвуковой обработки при прессовании нанопорошков и финишной обработке керамики.
|
| 461 |
|
1 |
|0 (RuTPU)RU\TPU\prd\404
|t Физика и химия обработки материалов
|f Российская академия наук (РАН), Институт металлургии и материаловедения им. А. А. Байкова (ИМЕТ)
|d 1968-
|
| 463 |
|
1 |
|0 (RuTPU)RU\TPU\prd\94368
|t № 5
|v С. 24-30
|d 2001
|
| 610 |
1 |
|
|a труды учёных ТПУ
|
| 701 |
|
1 |
|a Хасанов
|b О. Л.
|c физик, специалист в области наноматериалов
|c профессор Томского политехнического университета, доктор технических наук
|c директор Нано-Центра ТПУ, заведующий кафедрой наноматериалов и нанотехнологий
|f 1958-
|g Олег Леонидович
|3 (RuTPU)RU\TPU\pers\26436
|4 070
|9 12140
|
| 701 |
|
1 |
|a Соколов
|b В. М.
|c физик
|c инженер-исследователь Томского политехнического университета, кандидат технических наук
|f 1938-
|g Виталий Михайлович
|3 (RuTPU)RU\TPU\pers\29380
|9 13962
|
| 701 |
|
1 |
|a Двилис
|b Э. С.
|c химик-технолог
|c старший научный сотрудник Томского политехнического университета, профессор, доктор физико-математических наук
|f 1969-
|g Эдгар Сергеевич
|3 (RuTPU)RU\TPU\pers\26838
|4 070
|9 12457
|
| 701 |
|
1 |
|a Похолков
|b Ю. П.
|c специалист в области электротехники, доктор технических наук
|c ректор Томского политехнического университета (1990-2008), профессор
|f 1939-
|g Юрий Петрович
|x TPU
|y Томск
|3 (RuTPU)RU\TPU\pers\10508
|4 070
|9 2235
|
| 801 |
|
1 |
|a RU
|b 63413507
|c 20110116
|
| 801 |
|
2 |
|a RU
|b 63413507
|c 20151027
|g RCR
|
| 942 |
|
|
|c BK
|